Memoria elevada a las Cortes por el Excmo. Sr. Ministro de Instrucción Pública, en que se expone, como antecedentes del proyecto de presupuesto para 1911, algunos datos acerca del estado actual de la enseñanza pública y los fundamentos de las reformas propuestas / (Record no. 63836)
[ view plain ]
| 000 -LEADER | |
|---|---|
| campo de control de longitud fija | 00893nam a2200205 i 4500 |
| 001 - NÚMERO DE CONTROL | |
| campo de control | 63836 |
| 003 - IDENTIFICADOR DE NÚMERO DE CONTROL | |
| campo de control | ES-MaACL |
| 005 - FECHA Y HORA DE LA ÚLTIMA TRANSACCIÓN | |
| campo de control | 20230906165000.0 |
| 007 - CAMPO FIJO DE DESCRIPCIÓN FÍSICA--INFORMACIÓN GENERAL | |
| campo de control de longitud fija | t| |
| 008 - DATOS DE LONGITUD FIJA--INFORMACIÓN GENERAL | |
| campo de control de longitud fija | 031217s1910 sp ||||1| spa d |
| 080 ## - NÚMERO DE LA CLASIFICACIÓN DECIMAL UNIVERSAL | |
| Número de la Clasificación Decimal Universal | 37.057(460) |
| 110 1# - ENTRADA PRINCIPAL--NOMBRE DE ENTIDAD CORPORATIVA | |
| Nombre de entidad corporativa o nombre de jurisdicción como elemento de entrada | España. |
| Unidad subordinada | Ministerio de Instrucción Pública. |
| 9 (RLIN) | 3890 |
| 245 10 - MENCIÓN DEL TÍTULO | |
| Título | Memoria elevada a las Cortes por el Excmo. Sr. Ministro de Instrucción Pública, en que se expone, como antecedentes del proyecto de presupuesto para 1911, algunos datos acerca del estado actual de la enseñanza pública y los fundamentos de las reformas propuestas / |
| Mención de responsabilidad, etc. | Álvaro Figueroa y Torres. |
| 260 ## - PUBLICACIÓN, DISTRIBUCIÓN, ETC. | |
| Lugar de publicación, distribución, etc. | Madrid : |
| Nombre del editor, distribuidor, etc. | [s.n.], |
| Fecha de publicación, distribución, etc. | 1910. |
| 300 ## - DESCRIPCIÓN FÍSICA | |
| Extensión | 149 p. ; |
| Dimensiones | 29 cm. |
| 650 #4 - PUNTO DE ACCESO ADICIONAL DE MATERIA--TÉRMINO DE MATERIA | |
| Término de materia o nombre geográfico como elemento de entrada | Enseñanza pública- |
| Subdivisión geográfica | España. |
| 9 (RLIN) | 12311 |
| 700 1# - ENTRADA AGREGADA--NOMBRE PERSONAL | |
| Nombre de persona | Romanones, Álvaro de Figueroa y Torres, |
| Títulos y otros términos asociados al nombre | Conde de, |
| Fechas asociadas al nombre | 1863-1950 |
| 9 (RLIN) | 99264 |
| 852 4# - LOCALIZACIÓN | |
| Ubicación | ES-MaACL |
| Número de control de estantería | T-1260-F-7 |
| Estatus retirado | Estado de pérdida | Estado de daño | No para préstamo | Colección | Biblioteca de origen | Biblioteca actual | Ubicación en estantería | Fecha de adquisición | Fuente de adquisición | Total de préstamos | Signatura topográfica completa | Código de barras | Visto por última vez | Precio de reemplazo | Tipo de ítem Koha |
|---|---|---|---|---|---|---|---|---|---|---|---|---|---|---|---|
| Colección de folletos | Biblioteca del Ateneo de Madrid | Biblioteca del Ateneo de Madrid | Depósito folletos | 17/01/2008 | T-1260-F-7 | 1066899 | 23/02/2023 | 23/02/2023 | Folleto |
